000
00239nam a2200097Ia 4500
001
807582
005
20250826171233.0
008
250824s9999 xx 000 0 und d
245
0
_a
BOZKIR GELİNİ
_c
BEKİR YILDIZ
260
_b
EVEREST YAYINLARI
999
_c
807582
_d
807582